Top 50 Linkin Park Songs - Statistics

General Stats
  • This quiz has been taken 141 times
  • The average score is 30 of 50
Answer Stats
Placement Answer % Correct
2 Numb
99%
1 In The End
96%
5 What I've Done
89%
8 Papercut
85%
9 One Step Closer
83%
6 Faint
82%
7 Crawling
80%
3 Breaking The Habit
78%
4 Somewhere I Belong
78%
16 Given Up
77%
17 One More Light
77%
15 Burn It Down
76%
12 Castle Of Glass
73%
18 New DIvide
70%
28 Bleed It Out
69%
10 Lying From You
68%
35 The Catalyst
65%
14 A Place For My Head
64%
24 Figure.09
64%
45 Heavy
64%
32 Runaway
64%
25 Don't Stay
63%
19 Points Of Authority
63%
13 Lost In The Echo
62%
11 Leave Out All The Rest
61%
23 With You
59%
20 Pushing Me Away
58%
22 From The Inside
57%
21 By Myself
56%
34 Shadow Of The Day
56%
26 Waiting For The End
56%
39 Forgotten
55%
27 Final Masquerade
52%
31 Easier To Run
50%
38 Hit The Floor
49%
37 Iridescent
49%
30 Nobody's Listening
49%
44 Valentine's Day
49%
29 No More Sorrow
48%
40 In Pieces
45%
36 Talking To Myself
42%
42 Until It's Gone
41%
49 In My Remains
40%
33 Guilty All The Same
39%
50 Hands Held High
39%
47 Burning In The Skies
38%
41 The Little Things Give You Away
38%
46 Blackout
37%
43 Roads Untraveled
31%
48 When They Come For Me
23%
No matching quizzes found
Score Distribution
Percent of People with Each Score
Percentile by Number Answered
Your Score History
You have not taken this quiz